00494nam a2200181Ia 4500999001700000003000400017005001700021008004100038040000900079082001800088100003400106245004900140250001200189260004800201300000900249650001200258942004200270 c37340d37340OSt20200929124744.0190216s9999||||xx |||||||||||||| ||und|| coclc a596.04bROM/V aRomer, Alfred Sherwood 95144 0aThe Vertebrate Body /cAlfred Sherwood Romer a3rd Ed. bVakils Feffer & Simons Pvt,c1965.aBombay: a627p aZoology cBK2ddch596.04iROM/Vk596.04mROM/V